00317nam a2200109Ia 4500008004000000020001800040082001800058100001800076245005000094260005500144300000800199210210b2002 xxu||||| |||| 00| 0 eng d a81 259 1182 0 a001.6402 GANC aGANESH (S G). aComputer careers placement preparation guide. aNew Delhi.bVikas Publishing House Pvt Ltd.,c2002 a247